|
|
|
|
| LEADER |
00000cas a2200000 c 4500 |
| 001 |
570339383 |
| 003 |
DE-627 |
| 005 |
20230404201523.0 |
| 007 |
tu |
| 008 |
080625c20109999sa z| m| 0 |0eng c |
| 016 |
7 |
|
|a 989333906
|2 DE-101
|
| 016 |
7 |
|
|a 2433880-1
|2 DE-600
|
| 035 |
|
|
|a (DE-627)570339383
|
| 035 |
|
|
|a (DE-576)9570339381
|
| 035 |
|
|
|a (DE-599)ZDB2433880-1
|
| 035 |
|
|
|a (OCoLC)1368898260
|
| 040 |
|
|
|a DE-627
|b ger
|c DE-627
|e rakwb
|
| 041 |
|
|
|a eng
|
| 044 |
|
|
|c XC-ZA
|
| 082 |
0 |
4 |
|a 300
|q DE-600
|
| 110 |
2 |
|
|a Human Sciences Research Council
|b Policy Analysis and Capacity Enhancement Research Programme
|e Verfasser
|0 (DE-588)1022327151
|0 (DE-627)716952289
|0 (DE-576)365155624
|4 aut
|
| 245 |
1 |
0 |
|a Policy Analysis and Capacity Enhancement Research Programme occasional paper
|
| 246 |
1 |
|
|i Nebent.
|a Occasional paper
|
| 264 |
3 |
1 |
|a Cape Town
|b HSRC
|c 2010-
|
| 336 |
|
|
|a Text
|b txt
|2 rdacontent
|
| 337 |
|
|
|a ohne Hilfsmittel zu benutzen
|b n
|2 rdamedia
|
| 338 |
|
|
|a Band
|b nc
|2 rdacarrier
|
| 362 |
0 |
|
|a 1.2010 -
|
| 363 |
0 |
1 |
|a 1
|i 2010
|
| 655 |
|
7 |
|a Monografische Reihe
|0 (DE-588)4179998-7
|0 (DE-627)104628669
|0 (DE-576)209995106
|2 gnd-content
|
| 889 |
|
|
|w (DE-576)365155748
|
| 889 |
|
|
|w (DE-627)1435155742
|
| 951 |
|
|
|a ST
|
| ELC |
|
|
|b 1
|
| LOK |
|
|
|0 000 xxxxxcx a22 zn 4500
|
| LOK |
|
|
|0 001 2713159768
|
| LOK |
|
|
|0 003 DE-627
|
| LOK |
|
|
|0 004 570339383
|
| LOK |
|
|
|0 005 20190822222253
|
| LOK |
|
|
|0 008 120514||||||||||||||||ger|||||||
|
| LOK |
|
|
|0 040
|a DE-21
|c DE-627
|d DE-21
|
| LOK |
|
|
|0 852
|a DE-21
|
| LOK |
|
|
|0 852 1
|9 00
|
| LOK |
|
|
|0 939
|a 14-05-12
|b l01
|
| ORI |
|
|
|a SA-MARC-krimdokb001.raw
|
| SPR |
|
|
|a 1
|t KRI
|